• 首页
  • 本馆介绍
  • 公告通知
  • 最新文献
  • 馆藏检索
  • 电子资源
  • 读者导购
  • 参考咨询
  • 我的图书馆
  • 登录
  • 详细信息显示
  • 放入我的书架
  • 预约/预借图书
  • 作者相关作品
  • 分类相关作品
  • 丛书相关作品
  • 出版社相关作品

书目信息

  • 表格格式
  • 工作单格式
  • 卡片格式
题名:
书法与中国社会
    
 
作者: 邱振中 主编
分册:  
出版信息: 北京   北京师范大学出版社  2008
页数: 388页
开本: 23cm
丛书名: 郎郎书房
单 册:
中图分类: J292.1-53
科图分类:
主题词: 书法--中国--文集
电子资源:
ISBN: 978-7-303-09736-4
000 00888oam2 2200277 450
001 100428538753
005 20110222150141.93
010    @a978-7-303-09736-4@dCNY36.80
035    @a004032259
100    @a20090105d2008 em y0chiy0110 ea
101 0  @achi
102    @aCN@b110000
105    @aa z 000yy
106    @ar
200 1  @a书法与中国社会@9shu fa yu zhong guo she hui@f邱振中主编
210    @a北京@c北京师范大学出版社@d2008
215    @a388页@c图@d23cm
225 2  @a郎郎书房
300    @a兰亭论坛第2辑
330    @a本书征集了若干有关论文和调查报告,把人们的思路引向广阔的社会背景,内容包括开放的视野、个案与问题研究、书法历史的社会学研究。
461  0 @12001 @a郎郎书房
606 0  @a书法@y中国@j文集
690    @aJ292.1-53@v4
701  0 @a邱振中@9qiu zhen zhong@f(1947~)@4主编
801  0 @aCN@bNLC@c20110222
905    @b205987217-253@h598721-25@dJ292.1-53@e515@f5
    
    书法与中国社会/邱振中主编.-北京:北京师范大学出版社,2008
    388页:图;23cm.-(郎郎书房)
    兰亭论坛第2辑
    
    ISBN 978-7-303-09736-4:CNY36.80
    本书征集了若干有关论文和调查报告,把人们的思路引向广阔的社会背景,内容包括开放的视野、个案与问题研究、书法历史的社会学研究。
●
相关链接 在E读中查询图书 在五车中查询图书 在当当中查询图书 在豆瓣中查询图书


正题名:书法与中国社会     索取号:J292.1-53/515         预约/预借

序号 登录号 条形码 馆藏地/架位号 状态 备注
1 598721   205987217   第一样本阅览室/ [索取号:J292.1-53/515] 在馆    
2 598722   205987226   第一借阅区/ [索取号:J292.1-53/515] 在馆    
3 598723   205987235   第一借阅区/ [索取号:J292.1-53/515] 在馆    
4 598724   205987244   第一借阅区/ [索取号:J292.1-53/515] 在馆    
5 598725   205987253   第一借阅区/ [索取号:J292.1-53/515] 在馆    
唐山师范学院图书馆 欢迎您!
大连网信软件有限公司© 版权所有